000 00563nam a2200181Ia 4500
003 GCL
008 140319s9999 xx 000 0 ara d
040 _aGCL /
_cGCL
082 0 4 _a833.03
_bك د
100 1 _aكافكا، فرانز
245 1 0 _aالدودة الهائلة:(كافكا , الاعمال الكاملة - 1) /
_cكافكا، فرانز
700 1 _aالدسوقى فهمى
300 _a296 ص
490 _aافاق الترجمة
_v0
650 0 4 _aالادب الالمانى
650 0 4 _aالقصص الالمانية
942 _2ddc
_cBK
999 _c50757
_d50757